[Event "Sofia MGU rapid 7th"]
[Site "Sofia"]
[Date "2018.03.25"]
[Round "1"]
[White "Ferdov, Stavri"]
[Black "Tsekov, Svetozar"]
[Result "0-1"]
[WhiteElo "1740"]
[BlackElo "2195"]
[PlyCount "74"]
[EventDate "2018.03.25"]
[EventType "swiss (rapid)"]
[EventRounds "8"]
[EventCountry "BUL"]
[SourceTitle "CBM 183 Extra"]
[Source "ChessBase"]
[SourceDate "2018.04.19"]
[SourceVersion "1"]
[SourceVersionDate "2018.04.19"]
[SourceQuality "1"]

1. d4 c5 2. Nf3 e6 3. e3 d5 4. Be2 Nf6 5. Nc3 Nc6 6. 0-0 a6 7. b3 Bd6 8. Bb2 0-0 9. Qd2 b5 10. dxc5 Bxc5 11. Rad1 Qe7 12. Nd4 Bb7 13. Nxc6 Bxc6 14. Bf3 Rfd8 15. Ne2 Rac8 16. Nd4 Bb7 17. Rfe1 e5 18. Nf5 Qe6 19. Ng3 g6 20. Qc1 e4 21. Be2 Nd7 22. Qa1 Bd6 23. c4 dxc4 24. bxc4 bxc4 25. Rc1 Ne5 26. Bxe5 Bxe5 27. Qb1 Bd5 28. Red1 Rb8 29. Qc2 Rb2 30. Qa4 Bxg3 31. Bxc4 Bxf2+ 32. Kh1 Bxe3 33. Rc3 Qg4 34. Bf1 Rxa2 35. Qxa2 Bxa2 36. Rxd8+ Kg7 37. Rxe3 Qg5 0-1

[Event "Sofia MGU rapid 7th"]
[Site "Sofia"]
[Date "2018.03.25"]
[Round "6"]
[White "Todorovic, Bojan"]
[Black "Tsekov, Svetozar"]
[Result "1/2-1/2"]
[WhiteElo "2307"]
[BlackElo "2195"]
[PlyCount "82"]
[EventDate "2018.03.25"]
[EventType "swiss (rapid)"]
[EventRounds "8"]
[EventCountry "BUL"]
[SourceTitle "CBM 183 Extra"]
[Source "ChessBase"]
[SourceDate "2018.04.19"]
[SourceVersion "1"]
[SourceVersionDate "2018.04.19"]
[SourceQuality "1"]

1. d4 c5 2. d5 Nf6 3. c4 g6 4. Nc3 Bg7 5. Nf3 0-0 6. g3 d6 7. Bg2 e6 8. 0-0 exd5 9. cxd5 a6 10. a4 Nbd7 11. Bf4 Qe7 12. Re1 Rb8 13. e4 Ng4 14. Bg5 Qe8 15. Nd2 Nde5 16. Nf1 Nc4 17. Qe2 b5 18. axb5 axb5 19. h3 h6 20. Bc1 Nge5 21. f4 Nd7 22. Kh2 Ndb6 23. e5 dxe5 24. fxe5 Qxe5 25. Bf4 Qxe2 26. Rxe2 Ra8 27. Rxa8 Nxa8 28. d6 Be6 29. Nxb5 Nxb2 30. Bxa8 Rxa8 31. Nc7 Rd8 32. Rxe6 fxe6 33. Nxe6 Bf6 34. Nxd8 Bxd8 35. Nd2 g5 36. Be3 Nd3 37. Kg2 Kf7 38. Kf3 Ke6 39. Ke2 Ne5 40. Bxc5 Nf7 41. Ne4 Kd5 1/2-1/2

[Event "Sofia-ch U26"]
[Site "Sofia"]
[Date "2013.11.10"]
[Round "7"]
[White "Tsekov, Svetozar"]
[Black "Ivanov, Borislav"]
[Result "0-1"]
[WhiteElo "2211"]
[BlackElo "2338"]
[PlyCount "106"]
[EventDate "2013.11.06"]
[EventType "swiss"]
[EventRounds "7"]
[EventCountry "BUL"]
[SourceTitle "EXT 2015"]
[Source "ChessBase"]
[SourceDate "2014.11.20"]
[SourceVersion "1"]
[SourceVersionDate "2014.11.20"]
[SourceQuality "1"]

1. e4 c6 2. d4 d5 3. e5 c5 4. c3 cxd4 5. cxd4 Nc6 6. Nc3 Bf5 7. Nf3 e6 8. a3 Nge7 9. Be2 Nc8 10. 0-0 Be7 11. b4 Nb6 12. Be3 Rc8 13. Na4 Nxa4 14. Qxa4 Qb6 15. Rfc1 0-0 16. Rc3 Bg4 17. Rac1 Bxf3 18. Bxf3 a6 19. Be2 Ra8 20. Qd1 Rfc8 21. Bd3 Qd8 22. f4 f6 23. Qh5 f5 24. g4 g6 25. Qh3 Kh8 26. gxf5 gxf5 27. Kh1 Qe8 28. Rg1 Qf7 29. Be2 Rg8 30. Bh5 Rxg1+ 31. Bxg1 Qg7 32. Rg3 Qh6 33. Be3 Rc8 34. Rg1 Rb8 35. Qg3 Qf8 36. Bf2 Rc8 37. Qh3 Qh6 38. Qg3 Qf8 39. Qf3 Bd8 40. Qh3 Rc7 41. Bh4 Bxh4 42. Qxh4 Nxd4 43. Qf6+ Qxf6 44. exf6 Rc8 45. Rd1 Nc2 46. Rc1 d4 47. Be2 Kg8 48. Rg1+ Kf7 49. Rg7+ Kxf6 50. Rxh7 Ne3 51. Kg1 Nd5 52. Rxb7 Rc3 53. a4 d3 0-1

[Event "BUL-ch U26"]
[Site "Sofia"]
[Date "2010.11.06"]
[Round "5"]
[White "Tsekov, Svetozar"]
[Black "Enchev, Ivajlo"]
[Result "0-1"]
[WhiteElo "2227"]
[BlackElo "2435"]
[PlyCount "90"]
[EventDate "2010.11.03"]
[EventType "swiss"]
[EventRounds "7"]
[EventCountry "BUL"]
[SourceTitle "EXT 2011"]
[Source "ChessBase"]
[SourceDate "2010.11.26"]
[SourceVersion "1"]
[SourceVersionDate "2010.11.26"]
[SourceQuality "1"]

1. d4 Nf6 2. c4 e6 3. g3 c5 4. d5 exd5 5. cxd5 d6 6. Nc3 g6 7. Bg2 Bg7 8. Nf3 0-0 9. 0-0 a6 10. a4 Re8 11. Nd2 Nbd7 12. Nc4 Ne5 13. Na3 Nh5 14. e4 f5 15. h3 b5 16. exf5 b4 17. g4 bxc3 18. bxc3 Nf6 19. g5 Bxf5 20. gxf6 Qxf6 21. f4 Nd3 22. Bd2 Nb2 23. Qf3 Nxa4 24. Rfc1 Nb2 25. Re1 Rab8 26. Bf1 Na4 27. Nc4 Rxe1 28. Bxe1 Nxc3 29. Bxc3 Qxc3 30. Qxc3 Bxc3 31. Rxa6 Rb1 32. Kf2 Rxf1+ 33. Kxf1 Bd3+ 34. Kg2 Bxc4 35. Rxd6 Kf7 36. Rd7+ Ke8 37. Rxh7 Bxd5+ 38. Kg3 Bf7 39. Kf3 Bf6 40. f5 gxf5 41. Kf4 Be6 42. Rc7 c4 43. Ra7 Bd4 44. Ra4 c3 45. Ra1 c2 0-1

[Event "Sofia MGU op 03rd"]
[Site "Sofia"]
[Date "2010.02.27"]
[Round "1"]
[White "Tsekov, Svetozar"]
[Black "Toshev, Vladimir"]
[Result "1-0"]
[WhiteElo "2227"]
[BlackElo "1870"]
[PlyCount "81"]
[EventDate "2010.02.27"]
[EventType "swiss"]
[EventRounds "6"]
[EventCountry "BUL"]
[SourceTitle "CBM 135 Extra"]
[Source "ChessBase"]
[SourceDate "2010.05.04"]
[SourceVersion "1"]
[SourceVersionDate "2010.05.04"]
[SourceQuality "1"]

1. d4 Nf6 2. c4 g6 3. Nc3 d5 4. cxd5 Nxd5 5. e4 Nxc3 6. bxc3 Bg7 7. Be3 0-0 8. Qd2 c5 9. Rc1 cxd4 10. cxd4 Nc6 11. d5 Ne5 12. h3 b6 13. f4 Nd7 14. Nf3 Bb7 15. Bb5 Rc8 16. 0-0 Nf6 17. Qd3 e6 18. dxe6 Qxd3 19. exf7+ Rxf7 20. Rxc8+ Bxc8 21. Bxd3 Rc7 22. Rc1 Rxc1+ 23. Bxc1 Be6 24. a3 Nd7 25. Kf2 Nc5 26. Ke2 Nb3 27. Be3 h6 28. e5 Kf7 29. g4 Bf8 30. a4 Nc5 31. Bxc5 Bxc5 32. Nd2 Bd7 33. Bb5 Be6 34. Kd3 h5 35. Bc4 Bxc4+ 36. Nxc4 Ke6 37. Ke4 hxg4 38. hxg4 a6 39. f5+ gxf5+ 40. gxf5+ Ke7 41. Kd5 1-0

[Event "Sofia MGU op 02nd"]
[Site "Sofia"]
[Date "2010.02.20"]
[Round "1"]
[White "Toshev, Vladimir"]
[Black "Tsekov, Svetozar"]
[Result "0-1"]
[WhiteElo "1870"]
[BlackElo "2227"]
[PlyCount "72"]
[EventDate "2010.02.20"]
[EventType "swiss"]
[EventRounds "6"]
[EventCountry "BUL"]
[SourceTitle "CBM 135 Extra"]
[Source "ChessBase"]
[SourceDate "2010.05.04"]
[SourceVersion "1"]
[SourceVersionDate "2010.05.04"]
[SourceQuality "1"]

1. e4 c5 2. Nf3 e6 3. d4 cxd4 4. Nxd4 Nc6 5. Nc3 a6 6. Be2 Qc7 7. a3 Nf6 8. Be3 b5 9. 0-0 Bb7 10. Kh1 Na5 11. Bf3 d6 12. Qd3 Nd7 13. Rfd1 Ne5 14. Qe2 Nac4 15. b3 Nb2 16. Ncxb5 axb5 17. Nxb5 Qd7 18. Rd2 Nbd3 19. Nxd6+ Bxd6 20. cxd3 Rxa3 21. Rxa3 Bxa3 22. d4 Nxf3 23. gxf3 0-0 24. Ra2 Ra8 25. Qd2 Bf8 26. Rxa8 Bxa8 27. Qa5 Bc6 28. Qc3 f5 29. Qc2 Bb7 30. Qd3 fxe4 31. fxe4 Qf7 32. Kg2 Qg6+ 33. Kf3 Qf5+ 34. Ke2 Bxe4 35. Qc3 Bd5 36. Kd2 Qb1 0-1

[Event "Baharov Memorial op 17th"]
[Site "Sofia"]
[Date "2009.11.21"]
[Round "5"]
[White "Gochev, Mladen"]
[Black "Tsekov, Svetozar"]
[Result "1-0"]
[WhiteElo "2238"]
[BlackElo "2234"]
[PlyCount "67"]
[EventDate "2009.11.18"]
[EventType "swiss"]
[EventRounds "7"]
[EventCountry "BUL"]
[SourceTitle "CBM 133 Extra"]
[Source "ChessBase"]
[SourceDate "2010.01.05"]
[SourceVersion "1"]
[SourceVersionDate "2010.01.05"]
[SourceQuality "1"]

1. e4 e5 2. d4 exd4 3. Nf3 Nc6 4. Bc4 Bc5 5. c3 Nf6 6. e5 d5 7. Bb5 Ne4 8. cxd4 Bb4+ 9. Bd2 Nxd2 10. Bxc6+ bxc6 11. Nbxd2 0-0 12. Rc1 Bg4 13. 0-0 f6 14. Qa4 Rb8 15. Qxc6 Bxd2 16. Nxd2 Rxb2 17. Nb3 fxe5 18. f3 Bf5 19. dxe5 Kh8 20. Rf2 Rxf2 21. Kxf2 Bd3 22. Qxc7 Qh4+ 23. Kg1 Bc4 24. Qxa7 Qg5 25. Re1 h6 26. Qe3 Qe7 27. e6 Ra8 28. Nd4 Ra3 29. Qe5 Rxa2 30. Kh1 Ra8 31. Nf5 Qf6 32. Qxf6 gxf6 33. Nd6 Be2 34. Kg1 1-0

[Event "BUL-ch Students"]
[Site "Sofia"]
[Date "2009.11.05"]
[Round "2"]
[White "Naidenova, Jordanka"]
[Black "Tsekov, Svetozar"]
[Result "0-1"]
[WhiteElo "1928"]
[BlackElo "2234"]
[PlyCount "46"]
[EventDate "2009.11.04"]
[EventType "swiss"]
[EventRounds "7"]
[EventCountry "BUL"]
[SourceTitle "EXT 2010"]
[Source "ChessBase"]
[SourceDate "2010.11.25"]
[SourceVersion "1"]
[SourceVersionDate "2010.11.25"]
[SourceQuality "1"]

1. e4 e6 2. d3 c5 3. g3 Nc6 4. Bg2 d6 5. Ne2 Nf6 6. 0-0 Be7 7. f4 Qc7 8. Nd2 Bd7 9. Nf3 Rc8 10. h3 0-0 11. g4 c4 12. Ng3 cxd3 13. cxd3 Nb4 14. a3 Nc2 15. Rb1 Qb6+ 16. Rf2 Nxa3 17. Ra1 Nc2 18. Ra2 Nb4 19. Ra1 Bb5 20. d4 Nd3 21. Rc2 d5 22. e5 Ne4 23. Ne2 Ndf2 0-1

[Event "Baharov Memorial op 16th"]
[Site "Sofia"]
[Date "2008.11.09"]
[Round "2"]
[White "Stamenov, Valeri"]
[Black "Tsekov, Svetozar"]
[Result "0-1"]
[WhiteElo "1960"]
[BlackElo "2217"]
[PlyCount "76"]
[EventDate "2008.11.09"]
[EventType "swiss"]
[EventRounds "7"]
[EventCountry "BUL"]
[SourceTitle "CBM 127 Extra"]
[Source "ChessBase"]
[SourceDate "2009.01.08"]
[SourceVersion "2"]
[SourceVersionDate "2009.01.28"]
[SourceQuality "1"]

1. e4 c5 2. c3 e6 3. d4 d5 4. exd5 exd5 5. Nf3 Nf6 6. Be2 Nc6 7. 0-0 Be7 8. Be3 b6 9. Bb5 Bd7 10. Bxc6 Bxc6 11. Ne5 Qc8 12. Nd2 0-0 13. Ndf3 Bb7 14. h3 Ne4 15. Nh2 f6 16. Nd3 Qc7 17. Nf4 Bd6 18. g3 Qf7 19. Nf3 Rae8 20. Re1 g5 21. Ng2 c4 22. Nd2 Bc8 23. Nxe4 Rxe4 24. f3 Re7 25. g4 Rfe8 26. Qd2 h5 27. Bf2 hxg4 28. hxg4 Qh7 29. Rxe7 Rxe7 30. Re1 Be6 31. Re2 Qh2+ 32. Kf1 Qh1+ 33. Bg1 Bh2 34. Qe3 Bf7 35. Qf2 Bxg1 36. Rxe7 Bxf2+ 37. Kxf2 Qc1 38. Re2 Bg6 0-1

[Event "BUL-chT 58th"]
[Site "Borovetz"]
[Date "2008.10.07"]
[Round "7"]
[White "Angelov, Angel Y"]
[Black "Tsekov, Svetozar"]
[Result "0-1"]
[WhiteElo "2216"]
[BlackElo "2217"]
[PlyCount "90"]
[EventDate "2008.10.01"]
[EventType "team-tourn"]
[EventRounds "7"]
[EventCountry "BUL"]
[SourceTitle "CBM 126 Extra"]
[Source "ChessBase"]
[SourceDate "2008.11.05"]
[SourceVersion "1"]
[SourceVersionDate "2008.11.05"]
[SourceQuality "1"]
[WhiteTeam "Burgas Lukoil-Neftohimik"]
[BlackTeam "Pleven Spartak XXI"]
[WhiteTeamCountry "BUL"]
[BlackTeamCountry "BRN"]

1. e4 e6 2. d4 d5 3. Nc3 Nf6 4. Bd3 c5 5. exd5 exd5 6. Bg5 Be6 7. Bb5+ Nc6 8. Nf3 Be7 9. 0-0 a6 10. Bxc6+ bxc6 11. dxc5 Bxc5 12. Nd4 Rc8 13. Nxe6 fxe6 14. Qe2 Qd7 15. Bxf6 gxf6 16. Rae1 e5 17. Na4 Ba7 18. Qxa6 0-0 19. b3 Ra8 20. Qe2 e4 21. Rd1 Qe6 22. c4 f5 23. Rd3 f4 24. Kh1 Rf6 25. Rh3 dxc4 26. Rc1 Rg6 27. Qxc4 Bxf2 28. Qe2 f3 29. Qxf2 fxg2+ 30. Qxg2 Rxg2 31. Kxg2 Rd8 32. Rg3+ Kh8 33. Nc5 Rd2+ 34. Kg1 Qh6 35. h3 Qf4 36. Nxe4 Qxe4 37. Rf1 Qd4+ 38. Kh1 Rf2 39. Re1 Rf8 40. Rg2 Qc3 41. Rd1 Qxh3+ 42. Kg1 Rg8 43. Rdd2 Qe3+ 44. Kh1 Qh6+ 45. Kg1 Qxd2 0-1

[Event "Sofia ZSKA op 1st"]
[Site "Sofia"]
[Date "2008.02.24"]
[Round "5"]
[White "Filev, Georgi"]
[Black "Tsekov, Svetozar"]
[Result "1/2-1/2"]
[WhiteElo "2353"]
[BlackElo "2219"]
[PlyCount "87"]
[EventDate "2008.02.23"]
[EventType "swiss"]
[EventRounds "7"]
[EventCountry "BUL"]
[SourceTitle "CBM 122 Extra"]
[Source "ChessBase"]
[SourceDate "2008.03.04"]
[SourceVersion "1"]
[SourceVersionDate "2008.03.04"]
[SourceQuality "1"]

1. e4 e5 2. Nf3 Nf6 3. Nxe5 d6 4. Nf3 Nxe4 5. Nc3 Nxc3 6. dxc3 Be7 7. Be3 0-0 8. Qd2 Nc6 9. 0-0-0 Bf5 10. Kb1 Qd7 11. Be2 Rad8 12. h3 Rfe8 13. g4 Be4 14. Rhg1 Bxf3 15. Bxf3 Ne5 16. Be2 Qc6 17. g5 Nc4 18. Bxc4 Qxc4 19. Rg4 Qe6 20. Rdg1 d5 21. h4 b6 22. h5 Bc5 23. g6 fxg6 24. hxg6 h6 25. R4g3 Bxe3 26. fxe3 Rf8 27. b3 Rf6 28. Kb2 Rd6 29. a4 a5 30. Rg4 Qe5 31. R1g3 Qf5 32. Qg2 Qf2 33. Qh1 Qe2 34. Rf4 Rxf4 35. exf4 Qe4 36. Qh5 Qxf4 37. Rg4 Qf6 38. Qh3 d4 39. Rxd4 Rxd4 40. cxd4 Qxd4+ 41. Ka2 Qd8 42. Qe6+ Kh8 43. Qf5 Kg8 44. Qe6+ 1/2-1/2

[Event "Sofia ZSKA op 1st"]
[Site "Sofia"]
[Date "2008.02.24"]
[Round "4"]
[White "Tsekov, Svetozar"]
[Black "Orev, Petar"]
[Result "1-0"]
[WhiteElo "2219"]
[BlackElo "2228"]
[PlyCount "101"]
[EventDate "2008.02.23"]
[EventType "swiss"]
[EventRounds "7"]
[EventCountry "BUL"]
[SourceTitle "CBM 122 Extra"]
[Source "ChessBase"]
[SourceDate "2008.03.04"]
[SourceVersion "1"]
[SourceVersionDate "2008.03.04"]
[SourceQuality "1"]

1. d4 Nf6 2. c4 e6 3. g3 Bb4+ 4. Bd2 Qe7 5. Bg2 0-0 6. Qc2 Nc6 7. Nf3 d6 8. 0-0 Bxd2 9. Nbxd2 a5 10. e4 e5 11. d5 Nb4 12. Qc3 b6 13. a3 Na6 14. b4 Bd7 15. Ne1 axb4 16. axb4 b5 17. Nd3 Rfb8 18. Ra5 c5 19. bxc5 Nxc5 20. Nxc5 b4 21. Rxa8 bxc3 22. Rxb8+ Be8 23. Ncb3 cxd2 24. Nxd2 g6 25. Rfb1 Qa7 26. R8b6 Qa3 27. R6b3 Qc5 28. h3 Kg7 29. Rd3 Ba4 30. Rc1 h5 31. Bf3 Nd7 32. Bd1 Bxd1 33. Rxd1 f5 34. Rc1 Kh6 35. exf5 gxf5 36. Nb3 Qb4 37. c5 dxc5 38. Rdc3 c4 39. Nd2 Nb6 40. Nxc4 Nxd5 41. Rd3 Qc5 42. Rcd1 Qxc4 43. Rxd5 Qe4 44. Rd6+ Kg5 45. Rd8 h4 46. R1d3 hxg3 47. Rxg3+ Kf4 48. Rf8 Qe1+ 49. Kg2 e4 50. Rg4+ Ke5 51. Rg5 1-0

[Event "Sofia CSKA op"]
[Site "Sofia"]
[Date "2007.10.28"]
[Round "5"]
[White "Filev, Georgi"]
[Black "Tsekov, Svetozar"]
[Result "1-0"]
[WhiteElo "2410"]
[BlackElo "2251"]
[PlyCount "57"]
[EventDate "2007.10.27"]
[EventType "swiss"]
[EventRounds "7"]
[EventCountry "BUL"]
[SourceTitle "EXT 2008"]
[Source "ChessBase"]
[SourceDate "2007.11.25"]
[SourceVersion "1"]
[SourceVersionDate "2007.11.25"]
[SourceQuality "1"]

1. e4 e5 2. Nf3 Nc6 3. Bb5 a6 4. Ba4 Nf6 5. 0-0 Be7 6. Re1 b5 7. Bb3 d6 8. c3 0-0 9. h3 Bb7 10. d4 Re8 11. Nbd2 Bf8 12. a4 h6 13. Bc2 exd4 14. cxd4 Nb4 15. Bb1 c5 16. d5 Nd7 17. Ra3 c4 18. axb5 axb5 19. Nd4 Qb6 20. Nf5 Ne5 21. Rg3 g6 22. Nf3 Ned3 23. Be3 Qd8 24. Bxd3 Nxd3 25. N3h4 Kh7 26. Bd4 Nxe1 27. f4 Be7 28. Nxg6 fxg6 29. Rxg6 1-0

[Event "BUL-chT 57th"]
[Site "Sunny Beach"]
[Date "2007.10.03"]
[Round "5.4"]
[White "Ivanov, Stojan Emilov"]
[Black "Tsekov, Svetozar"]
[Result "1-0"]
[WhiteElo "2261"]
[BlackElo "2192"]
[PlyCount "43"]
[EventDate "2007.09.29"]
[EventType "team"]
[EventRounds "7"]
[EventCountry "BUL"]
[SourceTitle "CBM 120 Extra"]
[Source "ChessBase"]
[SourceDate "2007.11.01"]
[SourceVersion "1"]
[SourceVersionDate "2007.11.01"]
[SourceQuality "1"]

1. Nf3 d5 2. d4 Nf6 3. c4 c6 4. e3 a6 5. Nbd2 Bg4 6. Qb3 Qc7 7. Bd3 Nbd7 8. Ne5 Bh5 9. 0-0 e6 10. f4 c5 11. cxd5 Nxd5 12. Nxd7 Qxd7 13. Nc4 f6 14. e4 Nb4 15. Nb6 Qxd4+ 16. Kh1 Rd8 17. Qxe6+ Be7 18. Bc4 Rd6 19. Qh3 Rxb6 20. Qxh5+ g6 21. Qe2 Nc6 22. Rd1 1-0

[Event "BUL-chT 57th"]
[Site "Sunny Beach"]
[Date "2007.10.02"]
[Round "4.1"]
[White "Tsekov, Svetozar"]
[Black "Dobrev, Nanko"]
[Result "1/2-1/2"]
[WhiteElo "2192"]
[BlackElo "2469"]
[PlyCount "118"]
[EventDate "2007.09.29"]
[EventType "team"]
[EventRounds "7"]
[EventCountry "BUL"]
[SourceTitle "CBM 120 Extra"]
[Source "ChessBase"]
[SourceDate "2007.11.01"]
[SourceVersion "1"]
[SourceVersionDate "2007.11.01"]
[SourceQuality "1"]

1. d4 d5 2. Nf3 Nf6 3. c4 e6 4. g3 c6 5. Bg2 Bd6 6. 0-0 Nbd7 7. Qc2 0-0 8. Nbd2 b6 9. e4 dxe4 10. Nxe4 Nxe4 11. Qxe4 Bb7 12. Ne5 Rc8 13. Bf4 Nf6 14. Qe2 Qe7 15. Rfd1 c5 16. dxc5 Bxc5 17. Bg5 Bxg2 18. Kxg2 Qb7+ 19. Qf3 Ne4 20. Rd7 Qa8 21. Be7 Bxe7 22. Rxe7 f6 23. Re1 fxe5 24. Qxe4 Rxc4 25. Qxa8 Rxa8 26. Rd1 Kh8 27. Rdd7 Rg8 28. Rxa7 Rc2 29. b3 h6 30. Rf7 e4 31. Kh3 Kh7 32. Rae7 Rxa2 33. Rxe6 Rb2 34. Rxb6 Rd8 35. Rbb7 Rg8 36. Rbe7 Rxb3 37. Rxe4 Rbb8 38. f4 Rbf8 39. Rxf8 Rxf8 40. Kg4 Rf7 41. h4 Ra7 42. h5 Kg8 43. Kf5 Rf7+ 44. Ke5 Re7+ 45. Kd5 Ra7 46. g4 Kf7 47. Rc4 Re7 48. g5 hxg5 49. fxg5 Rd7+ 50. Ke5 Re7+ 51. Kf5 g6+ 52. hxg6+ Kg7 53. Rh4 Re1 54. Rh7+ Kg8 55. Ra7 Rf1+ 56. Ke5 Re1+ 57. Kf6 Rf1+ 58. Ke5 Re1+ 59. Kf6 Rf1+ 1/2-1/2

[Event "BUL-chT U18"]
[Site "Razgrad"]
[Date "2006.11.10"]
[Round "4.2"]
[White "Tsekov, Svetozar"]
[Black "Aleksandrov, Mitko"]
[Result "1-0"]
[WhiteElo "2195"]
[BlackElo "2075"]
[PlyCount "65"]
[EventDate "2006.11.08"]
[EventType "team"]
[EventRounds "7"]
[EventCountry "BUL"]
[SourceTitle "CBM 115 Extra"]
[Source "ChessBase"]
[SourceDate "2007.01.10"]
[SourceVersion "1"]
[SourceVersionDate "2007.01.10"]
[SourceQuality "1"]

1. d4 Nf6 2. c4 e6 3. g3 Be7 4. Nf3 b6 5. Bg2 Bb7 6. 0-0 0-0 7. Nc3 Ne4 8. Qc2 Nxc3 9. Qxc3 c5 10. Rd1 d6 11. Qc2 Nc6 12. d5 exd5 13. cxd5 Nb4 14. Qb3 a5 15. Ne1 Qc7 16. a3 c4 17. Qf3 Na6 18. Bd2 Bf6 19. Bc3 Bxc3 20. Qxc3 b5 21. Nc2 Qb6 22. Nd4 Nc7 23. Nf5 Ne8 24. Rd4 Nf6 25. Rg4 Kh8 26. Rxg7 Qd8 27. Qd4 Bc8 28. Rxh7+ Kxh7 29. Qh4+ Kg6 30. Qh6+ Kxf5 31. Bh3+ Ke5 32. Qg5+ Bf5 33. Rd1 1-0